000
00202 a2200097 4500
020
_a
9780241405710
041
_a
eng
100
_a
Kinney, Jeff
245
_a
Diary of an awesome friendly kid
942
_c
BK
999
_c
31308
_d
31306